Lardasketa (Parrez ta negarrez Bedayo'tar balek Argentina'n idatzia) / (Record no. 129820)

MARC details
000 -LEADER
campo de control de longitud fija 00641nam a2200193 i 4500
001 - NÚMERO DE CONTROL
campo de control 129820
003 - IDENTIFICADOR DE NÚMERO DE CONTROL
campo de control ES-MaACL
005 - FECHA Y HORA DE LA ÚLTIMA TRANSACCIÓN
campo de control 20230906193602.0
007 - CAMPO FIJO DE DESCRIPCIÓN FÍSICA--INFORMACIÓN GENERAL
campo de control de longitud fija t|
008 - DATOS DE LONGITUD FIJA--INFORMACIÓN GENERAL
campo de control de longitud fija 070706s1964 sp ||||1| baq d
100 1# - ENTRADA PRINCIPAL--NOMBRE DE PERSONA
Nombre de persona Zubillaga, José Ramón.
9 (RLIN) 118401
245 10 - MENCIÓN DEL TÍTULO
Título Lardasketa (Parrez ta negarrez Bedayo'tar balek Argentina'n idatzia) /
Mención de responsabilidad, etc. José Ramón Zubillaga.
260 ## - PUBLICACIÓN, DISTRIBUCIÓN, ETC.
Lugar de publicación, distribución, etc. [Tolosa] :
Nombre del editor, distribuidor, etc. Auspoa,
Fecha de publicación, distribución, etc. 1964 (
Lugar de fabricación/manufactura San Sebastián :
Fabricante Gráfs. Izarra)
300 ## - DESCRIPCIÓN FÍSICA
Extensión 269 p. ;
Dimensiones 18 cm.
490 1# - MENCIÓN DE SERIE
Mención de serie Colección Auspoa ;
Designación de volumen o secuencia 40-41
830 0# - PUNTO DE ACCESO ADICIONAL DE SERIE-TÍTULO UNIFORME
Título uniforme Colección Auspoa ;
Designación de volumen o secuencia 40-41
9 (RLIN) 219384
852 ## - LOCALIZACIÓN
Ubicación ES-MaACL
Número de control de estantería C-26936
Sublocalización o colección R.55614
Holdings
Estatus retirado Estado de pérdida Estado de daño No para préstamo Biblioteca de origen Biblioteca actual Ubicación en estantería Fecha de adquisición Fuente de adquisición Total de préstamos Signatura topográfica completa Código de barras Visto por última vez Precio de reemplazo Tipo de ítem Koha
        Biblioteca del Ateneo de Madrid Biblioteca del Ateneo de Madrid Depósito 2 17/01/2008     C-26936 1135178 23/02/2023 23/02/2023 Libro impreso